| 000 | 00418nam a2200157 a 4500 | ||
|---|---|---|---|
| 005 | 20140310183208.0 | ||
| 008 | 030207s19uu xx 00 eng d | ||
| 050 |
_aPZ 4 _b.J6917 1971 |
||
| 100 | _aJohnson, James L. | ||
| 245 |
_aA Handful of dominoes / _cJames L. Johnson. |
||
| 260 |
_aNew York : _bPyramid books, _c1971. |
||
| 300 |
_a237 p. : _c18 cm. |
||
| 650 | _aFiction | ||
| 942 |
_cBK _2lcc |
||
| 999 |
_c20066 _d20066 |
||